000 00716cam a2200241 i 4500
001 4190658
005 20180129093646.0
008 801016s1981 dcua b 001 0 eng
010 _a 80026363
020 _a0815714661
020 _a0815714653 (pbk.)
040 _aDLC
_cDLC
_dDLC
041 _aeng
043 _ad------
080 _a338.900
082 0 0 _a338.900 CLI
_219
100 _a19
101 _aSHP
245 0 0 _aEconomic stabilization in developing countries /
_cWilliam R. Cline and Sidney Weintraub, editors ; [authors] William R. Cline ... [et al.].
504 _aIncludes bibliographical references and index.
906 _a7
_bcbc
_corignew
_du
_eocip
_f19
_gy-gencatlg
942 _2ddc
_cBK
999 _c41199
_d41199